000 00613nam a22002177a 4500
003 UA-OsUOA
001 130147
007 ta
008 20180411b un ||||| |||| 00| 0 ukr d
100 _aХодацька О.
090 _a82
_bХ69
942 _cSA
040 _aUA-OsUOA
_bukr
_cUA-OsUOA
_dUA-OsUOA
245 _aТарас Шевченко - геній і людина: нове прочитання творів кобзаря
300 _aС.43-46
955 _a0
041 _aukr
080 _a82
773 0 _w130144
650 7 _a82 Література. Літературознавство
_2UDC
999 _c418134
_d418134